| 000 | 01840nam0a2200397 4500 | ||
|---|---|---|---|
| 001 | RU\NLR\BIBL_A\012025864 | ||
| 005 | 20190618132102.0 | ||
| 010 |
_a978-5-17-115323-6 _910000 |
||
| 021 |
_aRU _bКН-П-19-032776 _9КН-П-19-2437 |
||
| 035 | _a(NLR Aleph) 012025864 | ||
| 035 | _a(RuMoRGB)009970002 | ||
| 090 |
_a11525719 _c11525719 |
||
| 100 | _a20190530d2019 d y0rusy50 ca | ||
| 101 | 1 |
_arus _ceng |
|
| 102 | _aRU | ||
| 105 | _aa z 000ay | ||
| 200 | 1 |
_aМстители _iФинал _iПуть героев: Ангельский пират, Говорящее древо и Капитан Кролик _e[роман] _fСтив Белинг _g[перевод с английского С. Потаповой] _gMARVEL |
|
| 210 |
_aМосква _cАСТ _d2019 |
||
| 215 |
_a187, [2] с. _cил. _d2 |
||
| 225 | 1 | _aСерия "Вселенная MARVEL" | |
| 300 | _aВ вып. дан. и в макете загл.: Путь героев: Ангельский пират, Говорящее древо и Капитан | ||
| 300 | _aЗагл. корешка: Мстители. Финал. Путь героев | ||
| 300 | _aНа обл. также: Предыстория Мстители. Финал | ||
| 300 | _aНа обл. авт. не указан | ||
| 333 | _a12+ | ||
| 516 | 1 | _aМстители. Финал. Путь героев | |
| 517 | 1 | _aПредыстория Мстители. Финал | |
| 686 | 1 | _aШ6(7США)67-445{Лх1979-62} | |
| 700 | 1 |
_aБелинг _bС. _f1968- _gСтив _3RU\NLR\AUTH\770166890 |
|
| 942 | _cBOOK | ||
| 980 | _aNBR | ||
| 980 | _aNB | ||